Normal view MARC view
  • Marquebreucq, Fernando

Entry Nombre Personal

Number of records used in: 1

001 - NUMERO DE CONTROL

  • campo de control: 51626

003 - IDENTIFICADOR DE NUMERO DE CONTROL

  • campo de control: MX-MxUPN

005 - FECHA Y HORA DE LA ÜLTIMA TRANSACCIÓN

  • campo de control: 20240418151135.0

008 - DATOS DE LONGITUD FIJA

  • campo de control de longitud fija: 240418|| aca||aabn | aaa d

040 ## - FUENTE DE CATALOGACIÓN

  • Agencia original de catalogación: MX-MxUPN
  • Lenguaje de catalogación: spa
  • Agencia de transcripción: MX-MxUPN

100 1# - ENCABEZAMIENTO - NOMBRE PERSONAL

  • Nombre personal: Marquebreucq, Fernando

670 ## - FUENTE EN LA QUE SE LOCALIZARON DATOS

  • Cita de la fuente: Gimnasia racional y juegos para niños normales y anormales, 1923:
  • Información localizada: portada (Fernando Marquebreucq)

902 ## - CATALOGADOR

  • Catalogador: Víctor Ruiz/180424